000 00525nam a2200193Ia 4500
003 OSt
005 20230413112000.0
008 210423s2007 xx 000 0 und d
040 _cAL
041 _aeng
082 _a820.9
_223
_bSAUC
100 _aSAUNDERS (Corinne).
_987784
245 _aCompanion to Romance from classical to contemporary.
260 _aU K
_bBlackwell Publisher
_c2007
300 _axiii,565
365 _b2194
_cINR
906 _aclassical ; Companion ; contemporary. ; romance
942 _2ddc
_cBK
999 _c157378
_d157378